000 00475nam a2200145 a 4500
001 000013684
005 20200929163317.0
008 091127s2006 dr 000 0 spa d
040 _aDO-SdBNP
_bspa
_cBNPHU
082 _axxxx
_bxxxx
245 0 3 _aEl sistema de compras en la administración pública :
_bpropuestas para su transformación.
260 _aSanto Domingo, :
_bParticipación ciudadana,
_c2006.
300 _a138 p. :
_b28 cm.
504 _aBibliografías : p. 105-106
999 _c13297
_d13297